00645nam a2200229Ia 450000100060000000300090000600800410001504000130005604000130006904100130008210000270009510000290012224500410015124500220019225000110021426000090022526000120023426000490024630000550029565000340035065000310038415149IT-RoPAU130308s9999 xx 000 0 und d aIT-RoPAU cIT-RoPAU aITALIANO aGiallombardo Salvatore gCodice Aut. SPICS: 6102 aIndipendenza della magistratura (L') bStampa in Allarme a1a ed. aBARI bLaterza c1958 [1° Ed.:1958 - Ed.Ling.Originale:1958] a"4 p. (prefazione: no ; testo: 4 [pagine: 95-98])" aDIRITTO NELLA STAMPA DI MASSA eCodice materia Spics: 4609